Cải tiến giống lúa

Trình bày những kỹ thuật cải tiến và chọn giống lúa nhằm giúp người nông dân thu hoạch cao hơn và ít tốn chi phí sản xuất hơn.

Guardado en:
Detalles Bibliográficos
Autor principal: Jennings, P. R.
Formato: Libro
Lenguaje:Undetermined
Publicado: Philippines IRRI 1979
Materias:
Etiquetas: Agregar Etiqueta
Sin Etiquetas, Sea el primero en etiquetar este registro!
Thư viện lưu trữ: Trung tâm Học liệu Trường Đại học Cần Thơ
LEADER 00749nam a2200193Ia 4500
001 CTU_122674
008 210402s9999 xx 000 0 und d
082 |a 633.18 
082 |b J54 
100 |a Jennings, P. R. 
245 0 |a Cải tiến giống lúa 
245 0 |c P. R. Jennings, W. R. Coffman, H. E. Kauffman ; Võ Tòng Xuân (Chủ biên dịch) 
260 |a Philippines 
260 |b IRRI 
260 |c 1979 
520 |a Trình bày những kỹ thuật cải tiến và chọn giống lúa nhằm giúp người nông dân thu hoạch cao hơn và ít tốn chi phí sản xuất hơn. 
650 |a Rice,Cây lúa 
904 |i M.Loan 
980 |a Trung tâm Học liệu Trường Đại học Cần Thơ